| 000 | 00982nam a2200265Ia 4500 | ||
|---|---|---|---|
| 003 | OSt | ||
| 005 | 20221005111855.0 | ||
| 006 | a|||||r|||| 00| 0 | ||
| 007 | ta | ||
| 008 | 221004b |||||||| |||| 00| 0 hin d | ||
| 020 |
_a9789381698266 (hbk) _c350 |
||
| 024 | _a2362 | ||
| 037 |
_b360, 11/01/2013, Eastern Book Linkers _cTextual |
||
| 040 |
_aCRL _cCRL _bhin |
||
| 041 |
_2hin _ahin |
||
| 082 | _aB0bQ1, 152Q1 | ||
| 100 | _aपाण्डेय, बैजनाथ | ||
| 245 | 0 | _aवैदिक वाड़्.मय मंे गणित शिक्षा | |
| 246 | _aVaidik vāḍ़.maya mane gaṇit shikṣhā | ||
| 260 |
_aवाराणसी _bकला प्रकाशन भारत _c2011 |
||
| 300 |
_a133पृ0 _ccm. |
||
| 650 |
_aगणित शिक्षा _9156353 |
||
| 942 |
_hB0bQ1, 152Q1 _cTEXL _2cc |
||
| 999 |
_c1023155 _d1023155 |
||